New environments to fight retail fatigue (Record no. 76804)

MARC details
000 -LEADER
fixed length control field 01203cab a2200217 4500
001 - CONTROL NUMBER
control field ##L133105
008 - FIXED-LENGTH DATA ELEMENTS--GENERAL INFORMATION
fixed length control field 060411n2006 000 0 eng u
035 ## - SYSTEM CONTROL NUMBER
System control number (Sirsi) u133105
041 0# - LANGUAGE CODE
Language code of text/sound track or separate title eng
100 1# - MAIN ENTRY--PERSONAL NAME
Personal name Jones, Peter
245 00 - TITLE STATEMENT
Title New environments to fight retail fatigue
260 ## - PUBLICATION, DISTRIBUTION, ETC.
Date of publication, distribution, etc. 2006
490 #0 - SERIES STATEMENT
Series statement Town & Country Planning
Volume/sequential designation 75(3) March 2006, 81-83(3)
520 ## - SUMMARY, ETC.
Summary, etc. In the USA, a new breed of lifestyle shopping centres isemerging aimed at dispelling retail fatigue. They claim to combine a number of elements from traditional retail environments with new urbanism in an open-air shopping centre, promising to offer a range of speciality small retailers, a greater focus on clothes and various entertainment facilities and services. The tenant mix is designed specifically to encourage cross-shopping and are grouped according to target markets, rather than dispersed patterns, in order to encourage widespread customer circulation and shopping synergies.
590 ## - LOCAL NOTE (RLIN)
Local note IKA110604
650 24 - SUBJECT ADDED ENTRY--TOPICAL TERM
Topical term or geographic name entry element UNITED STATES
690 ## - LOCAL SUBJECT ADDED ENTRY--TOPICAL TERM (OCLC, RLIN)
Topical term or geographic name as entry element PROPERTY-COMMERCIAL PROPERTY-RETAIL PROPERTY-SHOPPING CENTRE, MALL AND ARCADE PROPERTY
700 1# - ADDED ENTRY--PERSONAL NAME
Personal name Hillier, David
700 1# - ADDED ENTRY--PERSONAL NAME
Personal name Comfort, Daphne
942 ## - ADDED ENTRY ELEMENTS (KOHA)
Suppress in OPAC 0
Holdings
Withdrawn status Lost status Source of classification or shelving scheme Damaged status Not for loan Home library Current library Shelving location Date acquired Total Checkouts Full call number Barcode Date last seen Copy number Price effective from Koha item type
    Dewey Decimal Classification     London London Journal article 11/04/2006   L133105 133105-1001 06/08/2019 1 06/08/2019 Journal article